Southville International School and Colleges
Your cart is empty.
  • Cart
  • Lists
    Public lists Eva Luna New books Lux_list list_1
    Your lists Log in to create your own lists
  • Log in to your account
  • Your cookies
  • Search history
Southville International School and Colleges
  • Advanced search
  • Recent comments
  • Most popular
  • Libraries

Log in to your account

Log in with GOOGLE


If you do not have an external account, but do have a local account, you can still log in:

  1. Home
  2. MARC view: English simplified :
Normal view MARC view ISBD view

English simplified : (Record no. 284704)

[ view plain ]
MARC details
000 -LEADER
fixed length control field 00826cam a2200265 i 4500
001 - CONTROL NUMBER
control field 2708861
003 - CONTROL NUMBER IDENTIFIER
control field PILC
005 - DATE AND TIME OF LATEST TRANSACTION
control field 20150905094632.0
008 - FIXED-LENGTH DATA ELEMENTS--GENERAL INFORMATION
fixed length control field 761130s1977 nyu 001 0 eng
010 ## - LIBRARY OF CONGRESS CONTROL NUMBER
LC control number 76057227
020 ## - INTERNATIONAL STANDARD BOOK NUMBER
International Standard Book Number 0690008767
035 ## - SYSTEM CONTROL NUMBER
System control number (DLC) 76057227
040 ## - CATALOGING SOURCE
Original cataloging agency DLC
Transcribing agency DLC
Modifying agency DLC
050 00 - LIBRARY OF CONGRESS CALL NUMBER
Classification number PE 1113
Item number .El44 1977
082 00 - DEWEY DECIMAL CLASSIFICATION NUMBER
Classification number 428/.2/0202
100 1# - MAIN ENTRY--PERSONAL NAME
Personal name Ellsworth, Blanche,
Dates associated with a name 1902-
245 10 - TITLE STATEMENT
Title English simplified :
Remainder of title punctuation, spelling, grammar, usage, mechanics, documentation /
Statement of responsibility, etc Blanche Ellsworth.
250 ## - EDITION STATEMENT
Edition statement 3rd edition.
260 ## - PUBLICATION, DISTRIBUTION, ETC. (IMPRINT)
Place of publication, distribution, etc New York :
Name of publisher, distributor, etc Crowell,
Date of publication, distribution, etc 1977.
300 ## - PHYSICAL DESCRIPTION
Extent 32 pages ;
Dimensions 29 cm.
500 ## - GENERAL NOTE
General note Includes bibliographical references and index.
650 #0 - SUBJECT ADDED ENTRY--TOPICAL TERM
Topical term or geographic name as entry element English language
General subdivision Grammar.
906 ## - LOCAL DATA ELEMENT F, LDF (RLIN)
a 7
b cbc
c orignew
d 1
e ocip
f 19
g y-gencatlg
942 ## - ADDED ENTRY ELEMENTS (KOHA)
Source of classification or shelving scheme Library of Congress Classification
Koha item type Books
Call number prefix Foreign
Holdings
Withdrawn status Lost status Source of classification or shelving scheme Damaged status Home library Current library Shelving location Date acquired Source of acquisition Sub Shelving location Total Checkouts Full call number Barcode Date last seen Price effective from Koha item type
    Library of Congress Classification   College Library College Library General Circulation Section 06/04/2015 Library Fund     PE 1113 .El44 1977 C19547 05/15/2018 06/04/2015 Books

English simplified :

APA

Ellsworth B., . (1977). English simplified. New York: Crowell.

Chicago

Ellsworth Blanche, . 1977. English simplified. New York: Crowell.

Harvard

Ellsworth B., . (1977). English simplified. New York: Crowell.

MLA

Ellsworth Blanche, . English simplified. New York: Crowell. 1977.

  • Place hold
  • Print
  • Cite
  • Add to your cart (remove)
  • Save record
    BIBTEX Dublin Core MARCXML MARC (non-Unicode/MARC-8) MARC (Unicode/UTF-8) MARC (Unicode/UTF-8, Standard) MODS (XML) RIS
  • More searches
    Search for this title in:
    Other Libraries (WorldCat) Other Databases (Google Scholar) Online Stores (Bookfinder.com) Open Library (openlibrary.org)

Exporting to Dublin Core...

SOUTHVILLE LIBRARY

Southville International School and Colleges Library

1281 Tropical Ave. Cor. Luxembourg St., BF Homes International, Las Pinas City

Tel. No. 8256374 / 252358 Loc. 117/146

Powered by Koha